000 00979nam a2200301 4500
001 0000015532
003 CO-CtgCURN
005 20250331191042.0
007 ta
008 160627s1994 000 0 eng d
020 _a8447303268
040 _aCO-CtgCURN
_bspa
_ccoctgcurn
082 0 _a832
_bS334d
100 1 _aSchillermo, Friedrich Von.
245 1 0 _aHistoria de la literatura :
_bFriedrich Von Schillermo ! Don Carlos, Guillermo Tell ! traducción Justo Molina Introducción José María Valverde.
260 _aMadrid :
_bRBA Editores,
_c1994.
300 _a271 p.
336 _2rdacontent
337 _2rdamedia
_asin mediacion
_bn
338 _2rdacarrier
_avolumen
_bnc
490 1 _aColección historia de la literatura
505 8 _aObra Literaria
650 1 4 _aLiteratura latinoamericana.
700 1 _aCarlos, Don,
908 _a160627
942 _cBK
_h832
_iS334d
_2ddc
999 _c25822
_d25822